• 首页
  • 本馆介绍
  • 公告通知
  • 最新文献
  • 馆藏检索
  • 电子资源
  • 读者导购
  • 参考咨询
  • 我的图书馆
  • 登录
  • 详细信息显示
  • 放入我的书架
  • 预约/预借图书
  • 作者相关作品
  • 分类相关作品
  • 丛书相关作品
  • 出版社相关作品

书目信息

  • 表格格式
  • 工作单格式
  • 卡片格式
题名:
管理心理学
    
 
作者: 苏东水 著
分册:  
出版信息: 上海   复旦大学出版社  1987
页数: 494页
开本: 21cm
丛书名:
单 册:
中图分类: C93-05
科图分类:
主题词: 管理心理学
电子资源:
ISBN: 7-309-00290-3
000 00481nam2 2200181 45
001 0402070987
005 20060601094059.64
010    @a7-309-00290-3@dCNY5.65
100    @a20040207d1987 km y0chiy0120 ea
101 0  @achi
200 1  @a管理心理学@AGuan Li Xin Li Xue@f苏东水著@FSu Dong Shui Zhu
210    @a上海@c复旦大学出版社@d1987
215    @a494页@d21cm
606 0  @a管理心理学
690    @aC93-05@v4
701  0 @a苏东水@4著
801    @aCN@bTSTCL@c20060601
905    @dC93-05@e144
    
    管理心理学/苏东水著.-上海:复旦大学出版社,1987
    494页;21cm
    
    
    ISBN 7-309-00290-3:CNY5.65
    
●
相关链接 在E读中查询图书 在五车中查询图书 在当当中查询图书 在豆瓣中查询图书


正题名:管理心理学     索取号:C93-05/144         预约/预借

序号 登录号 条形码 馆藏地/架位号 状态 备注
1 0420075   204200756   密集书库/ [索取号:C93-05/144] 在馆    
唐山师范学院图书馆 欢迎您!
大连网信软件有限公司© 版权所有